| 000 | 01257cab a2200241 4500 | ||
|---|---|---|---|
| 001 | ##L132966 | ||
| 008 | 060328n2006 000 0 eng u | ||
| 035 | _a(Sirsi) u132966 | ||
| 041 | 0 | _aeng | |
| 100 | 1 | _aDowden, Malcolm | |
| 245 | 0 | 3 | _aAn equivocal approach |
| 260 | _c2006 | ||
| 490 | 0 |
_aEstates Gazette _v(0612) 25 March 2006, 217(1) |
|
| 520 | _aLooks at the differences between a lease and a licence in the light of the comments in "Clear Channel UK Ltd v Manchester City Council" ([2005] EWCA Civ 1304, not reported), specifically whether parties of equal bargaining power and with the benefit of legal advice can bind themselves to an agreement that creates a licence rather than a lease simply by including an unequivocal clause to that effect. Examines the limits to this approach, and concludes that it is not an alternative to contracting out of the Landlord and Tenant Act 1954. | ||
| 590 | _aIKA280306 | ||
| 650 | 2 | 4 | _aLANDLORD AND TENANT ACT 1954 |
| 650 | 2 | 4 | _aPANKHANIA V HACKNEY LBC |
| 650 | 2 | 4 | _aCLEAR CHANNEL UK LTD V MANCHESTER CITY COUNCIL |
| 650 | 2 | 4 | _aSTREET V MOUNTFORD |
| 690 | _aPROPERTY-COMMERCIAL PROPERTY-LEASEHOLD COMMERCIAL PROPERTY-COMMERCIAL LANDLORD AND TENANT | ||
| 700 | 1 | _aHumphreys, Emma | |
| 942 | _n0 | ||
| 999 |
_c76724 _d76724 |
||